Incomplete Movie Titles 2023 - Statistics

General Stats
  • This quiz has been taken 36 times
  • The average score is 26 of 40
Answer Stats
Hint Answer % Correct
____ But You Anyone
92%
No Hard ____ Feelings
92%
The Super ____ Bros. Movie Mario
92%
The Little ____ Mermaid
92%
John ____: Chapter 4 Wick
92%
Guardians Of The ____ Vol 3 Galaxy
88%
Five Nights At ____'s Freddy
85%
Gran ____ Turismo
85%
Spider-Man: ____ The Spider-Verse Across
81%
Aquaman And The Lost ____ Kingdom
81%
Dungeons & Dragons: Honor Among ____ Thieves
81%
Book Club: The Next ____ Chapter
77%
Peter ____ & Wendy Pan
77%
The Hunger Games: The ____ Of Songbirds & Snakes Ballad
73%
____ Cane Lane Candy
73%
Ant-Man And The Wasp: ____ Quantumania
69%
A Haunting In ____ Venice
69%
____ Bear Cocaine
65%
Killers Of The ____ Moon Flower
65%
Shazam! Fury Of The ____ Gods
65%
Mission: Impossible - Dead ____ Part One Reckoning
65%
Red, White & ____ Blue Royal
65%
Meg 2: The ____ Trench
62%
Scream ____ VI
62%
Trolls ____ Together Band
58%
Transformers: Rise Of The ____ Beasts
58%
Blue ____ Beetle
58%
Indiana Jones And The ____ Of Destiny Dial
58%
____ City Asteroid
54%
Boy ____ World Kills
54%
Teenage Mutant Ninja Turtles: Mutant ____ Mayhem
54%
Chicken Run: Dawn Of The ____ Nugget
54%
____ III Creed
50%
All Of Us ____ Strangers
50%
____ At The Cabin Knock
46%
Ruby Gillman, ____ Kraken Teenage
46%
Godzilla ____ One Minus
38%
____ Wedding Shotgun
38%
Fast ____ X
35%
Operation ____: Ruse de Guerre Fortune
23%
No matching quizzes found
Score Distribution
Percent of People with Each Score
Percentile by Number Answered
Your Score History
You have not taken this quiz